000
00205nam a2200097Ia 4500
008
240331s9999 xx 000 0 und d
082
_b
GOK
100
_a
Gokhale,N
245
4
_a
The Book of Shiva
942
_c
L
999
_c
5689
_d
5689